[Event "Milan SSM Septembre"]
[Site "Milan"]
[Date "2015.09.13"]
[Round "4"]
[White "Aloe, Giancarlo"]
[Black "Ceraulo, Carlo Alberto"]
[Result "0-1"]
[WhiteElo "1794"]
[BlackElo "1456"]
[PlyCount "108"]
[EventDate "2015.09.10"]
[EventType "swiss"]
[EventRounds "5"]
[EventCountry "ITA"]
[SourceTitle "EXT 2024"]
[Source "ChessBase"]
[SourceDate "2023.10.10"]
[SourceVersion "1"]
[SourceVersionDate "2023.10.10"]
[SourceQuality "1"]

1. d4 d5 2. Nf3 Nf6 3. g3 Bf5 4. Bg2 e6 5. 0-0 Bd6 6. c4 c6 7. Nc3 Nbd7 8. c5 Be7 9. b4 0-0 10. b5 Ne4 11. Nxe4 Bxe4 12. a4 cxb5 13. axb5 a5 14. b6 Nxc5 15. dxc5 Bxc5 16. Ba3 Qxb6 17. Ne5 Bxa3 18. Bxe4 Qd6 19. Nc4 dxc4 20. Bxb7 Rab8 21. Bf3 Qxd1 22. Rfxd1 Bb4 23. Be4 Rfd8 24. Rdc1 c3 25. Bd3 Rd6 26. Kf1 e5 27. f3 g6 28. h3 f5 29. Rab1 Re8 30. g4 e4 31. fxe4 fxe4 32. Bc4+ Kg7 33. Kg2 Rf8 34. Bb3 e3 35. Bc4 Rf2+ 36. Kg1 Kh6 37. Rf1 Rxf1+ 38. Kxf1 Kg5 39. Bd3 Kh4 40. Kg2 Rf6 41. Bc4 Rf2+ 42. Kh1 Kxh3 43. Bd3 Kxg4 44. Rg1+ Kf4 45. Rc1 g5 46. Rc2 g4 47. Bxh7 g3 48. Bg8 g2+ 49. Kg1 Kg3 50. Rc1 Rf1+ 51. Rxf1 gxf1Q+ 52. Kxf1 c2 53. Bb3 c1R+ 54. Bd1 Rxd1# 0-1

[Event "Milan SSM Septembre"]
[Site "Milan"]
[Date "2015.09.12"]
[Round "3"]
[White "Rindone, Andrea"]
[Black "Aloe, Giancarlo"]
[Result "1-0"]
[WhiteElo "1569"]
[BlackElo "1794"]
[PlyCount "83"]
[EventDate "2015.09.10"]
[EventType "swiss"]
[EventRounds "5"]
[EventCountry "ITA"]
[SourceTitle "EXT 2024"]
[Source "ChessBase"]
[SourceDate "2023.10.10"]
[SourceVersion "1"]
[SourceVersionDate "2023.10.10"]
[SourceQuality "1"]

1. e4 c5 2. Nf3 e6 3. d4 cxd4 4. Nxd4 Nc6 5. c3 Nf6 6. Bg5 Be7 7. Nd2 a6 8. Bd3 Ne5 9. N2f3 Qc7 10. Nxe5 Qxe5 11. f4 Qc5 12. Qf3 d6 13. 0-0-0 Rb8 14. Rde1 e5 15. g3 exd4 16. Rhf1 dxc3 17. e5 cxb2+ 18. Kxb2 Be6 19. exf6 Bxf6+ 20. Bxf6 Qd4+ 21. Kb1 Qxf6 22. f5 Qd4 23. fxe6 Qb4+ 24. Ka1 Qc3+ 25. Kb1 Qb4+ 26. Kc1 Qc3+ 27. Kd1 Qa1+ 28. Kd2 Qxa2+ 29. Bc2 Qa5+ 30. Qc3 Qd5+ 31. Kc1 0-0 32. exf7+ Kh8 33. Qc7 Qg5+ 34. Kb1 Qd8 35. Qxd8 Rbxd8 36. Re7 Rb8 37. Rfe1 g6 38. Re8 Kg7 39. Bb3 b5 40. Rxb8 Rxb8 41. Re8 Rxe8 42. fxe8Q 1-0

[Event "Milan SSM Septembre"]
[Site "Milan"]
[Date "2015.09.11"]
[Round "2"]
[White "Aloe, Giancarlo"]
[Black "Vezzosi, Paolo"]
[Result "0-1"]
[WhiteElo "1794"]
[BlackElo "2353"]
[PlyCount "76"]
[EventDate "2015.09.10"]
[EventType "swiss"]
[EventRounds "5"]
[EventCountry "ITA"]
[SourceTitle "EXT 2024"]
[Source "ChessBase"]
[SourceDate "2023.10.10"]
[SourceVersion "1"]
[SourceVersionDate "2023.10.10"]
[SourceQuality "1"]

1. Nf3 Nf6 2. d4 g6 3. c4 Bg7 4. Nc3 0-0 5. g3 d5 6. Bg2 dxc4 7. Ne5 c5 8. e3 cxd4 9. exd4 Nbd7 10. Nxc4 Nb6 11. Nxb6 Qxb6 12. 0-0 Rd8 13. Qe2 Be6 14. Be3 Nd5 15. Na4 Qb4 16. Nc5 Nxe3 17. fxe3 Bc4 18. Qf2 Bxf1 19. Rxf1 f5 20. Nxb7 Rxd4 21. a3 Qb6 22. b4 Kh8 23. Nc5 Rad8 24. Qf3 Rd2 25. h4 Ra2 26. h5 Rxa3 27. hxg6 hxg6 28. Qf4 Rxe3 29. Kh1 Re5 30. Qh4+ Kg8 31. Qc4+ e6 32. Qh4 Kf7 33. Qc4 a5 34. Ne4 Rh8+ 35. Bh3 Qb7 36. Kg1 Rxe4 37. Bg2 Qb6+ 38. Qc5 Bd4+ 0-1

[Event "Milan SSM July"]
[Site "Milan"]
[Date "2015.07.03"]
[Round "2"]
[White "Aloe, Giancarlo"]
[Black "Moreschi, Mauro"]
[Result "1-0"]
[WhiteElo "1711"]
[BlackElo "1825"]
[PlyCount "89"]
[EventDate "2015.07.02"]
[EventType "swiss"]
[EventRounds "5"]
[EventCountry "ITA"]
[SourceTitle "EXT 2024"]
[Source "ChessBase"]
[SourceDate "2023.10.10"]
[SourceVersion "1"]
[SourceVersionDate "2023.10.10"]
[SourceQuality "1"]

1. d4 b6 2. Nf3 Bb7 3. c4 e6 4. Nbd2 Nf6 5. g3 Nc6 6. e3 Bb4 7. a3 Bxd2+ 8. Bxd2 Ne4 9. Bg2 Na5 10. Bxa5 bxa5 11. 0-0 Rb8 12. Qc2 0-0 13. Rfd1 Ng5 14. d5 Nxf3+ 15. Bxf3 Qf6 16. Bg2 exd5 17. cxd5 Bxd5 18. Rxd5 Rxb2 19. Qf5 Qc3 20. Rdd1 Rd2 21. Rdc1 Qb2 22. Rf1 a4 23. Qc5 Rxf2 24. Rxf2 Qxa1+ 25. Rf1 Qb2 26. Be4 g6 27. Rb1 d6 28. Rxb2 dxc5 29. Bc6 Rd8 30. Bxa4 Rd3 31. Rb3 Rd1+ 32. Kg2 Rd2+ 33. Kh3 Ra2 34. Bb5 Kf8 35. a4 a6 36. Bxa6 Rxa4 37. Bb5 Rb4 38. Rxb4 cxb4 39. Bc4 Ke7 40. Kg4 h6 41. Kf4 Kd6 42. Bxf7 c5 43. Bc4 g5+ 44. Kf5 g4 45. e4 1-0

[Event "Milan Palladino Memorial-B 7th"]
[Site "Milan"]
[Date "2015.04.06"]
[Round "7"]
[White "Aloe, Giancarlo"]
[Black "Orlandini, Andrea"]
[Result "0-1"]
[WhiteElo "1602"]
[BlackElo "1672"]
[PlyCount "44"]
[EventDate "2015.04.02"]
[EventType "swiss"]
[EventRounds "7"]
[EventCountry "ITA"]
[SourceTitle "EXT 2017"]
[Source "ChessBase"]
[SourceDate "2016.10.25"]
[SourceVersion "1"]
[SourceVersionDate "2016.10.25"]
[SourceQuality "1"]

1. d4 d5 2. Nf3 Nf6 3. g3 Bf5 4. Bg2 e6 5. 0-0 c5 6. Nbd2 Nc6 7. c3 Be7 8. b3 0-0 9. Bb2 Rc8 10. Rc1 Qa5 11. a3 cxd4 12. b4 Qb6 13. cxd4 a5 14. Re1 axb4 15. axb4 Bxb4 16. Qb3 Na5 17. Rxc8 Nxb3 18. Rxf8+ Kxf8 19. Nxb3 Bxe1 20. Nxe1 Qxb3 21. Bc1 Qc3 22. Nd3 Bxd3 0-1

[Event "Milan Palladino Memorial-B 7th"]
[Site "Milan"]
[Date "2015.04.05"]
[Round "5"]
[White "Myftaraj, Ylli"]
[Black "Aloe, Giancarlo"]
[Result "1-0"]
[WhiteElo "1634"]
[BlackElo "1602"]
[PlyCount "119"]
[EventDate "2015.04.02"]
[EventType "swiss"]
[EventRounds "7"]
[EventCountry "ITA"]
[SourceTitle "EXT 2017"]
[Source "ChessBase"]
[SourceDate "2016.10.25"]
[SourceVersion "1"]
[SourceVersionDate "2016.10.25"]
[SourceQuality "1"]

1. d4 d5 2. Nf3 Nf6 3. c4 c6 4. e3 e6 5. Be2 Nbd7 6. Nc3 Be7 7. 0-0 0-0 8. b3 Re8 9. Bb2 Nf8 10. Ne5 Ng6 11. Nxg6 hxg6 12. Bf3 Qc7 13. cxd5 exd5 14. Rc1 Qd6 15. Nb1 Qe6 16. Ba3 Bd8 17. Nc3 g5 18. g3 g4 19. Bg2 Nh7 20. e4 Ng5 21. exd5 cxd5 22. Re1 Qd7 23. Rxe8+ Qxe8 24. Qe2 Qxe2 25. Nxe2 Nh3+ 26. Bxh3 gxh3 27. Nf4 Be6 28. Re1 Ba5 29. b4 Bb6 30. Nxe6 fxe6 31. Rxe6 Bxd4 32. Kf1 Kf7 33. Rd6 Bf6 34. Rxd5 Rd8 35. Rxd8 Bxd8 36. b5 Ke6 37. Ke2 g5 38. Kf3 Kf5 39. g4+ Ke5 40. Kg3 Bb6 41. f3 Be3 42. Kxh3 Kd5 43. Kg3 Bf4+ 44. Kg2 Kc4 45. Be7 Kxb5 46. h4 gxh4 47. Bxh4 Kc6 48. Bg3 Bh6 49. f4 Kd7 50. f5 Ke7 51. Kf3 b5 52. Bf4 Bf8 53. Be3 Kf7 54. Bxa7 Bd6 55. Bd4 Kg8 56. g5 Bf8 57. g6 Bd6 58. f6 Kf8 59. Ke4 Bg3 60. Bc5+ 1-0

[Event "Milan Giugno B"]
[Site "Milan"]
[Date "2014.06.01"]
[Round "4"]
[White "Carli, Federico"]
[Black "Aloe, Giancarlo"]
[Result "1-0"]
[WhiteElo "1579"]
[BlackElo "1693"]
[PlyCount "23"]
[EventDate "2014.05.29"]
[EventType "swiss"]
[EventRounds "6"]
[EventCountry "ITA"]
[SourceTitle "EXT 2024"]
[Source "ChessBase"]
[SourceDate "2023.10.10"]
[SourceVersion "1"]
[SourceVersionDate "2023.10.10"]
[SourceQuality "1"]

1. e4 c5 2. c3 Nf6 3. e5 Nd5 4. d4 e6 5. Nf3 Nc6 6. Be2 Be7 7. 0-0 0-0 8. c4 Nb6 9. d5 exd5 10. cxd5 Nb4 11. d6 Bh4 12. g3 1-0

[Event "Milan Giugno B"]
[Site "Milan"]
[Date "2014.05.31"]
[Round "3"]
[White "Aloe, Giancarlo"]
[Black "Maccari, Piergiuseppe"]
[Result "0-1"]
[WhiteElo "1693"]
[BlackElo "1630"]
[PlyCount "44"]
[EventDate "2014.05.29"]
[EventType "swiss"]
[EventRounds "6"]
[EventCountry "ITA"]
[SourceTitle "EXT 2024"]
[Source "ChessBase"]
[SourceDate "2023.10.10"]
[SourceVersion "1"]
[SourceVersionDate "2023.10.10"]
[SourceQuality "1"]

1. d4 Nf6 2. Nf3 g6 3. g3 Bg7 4. Bg2 0-0 5. 0-0 d5 6. Nbd2 c5 7. c4 cxd4 8. Nxd4 Nc6 9. Nxc6 bxc6 10. cxd5 cxd5 11. Nf3 Ne4 12. Qc2 Bf5 13. Qa4 Qb6 14. Be3 Qxb2 15. Nd4 Nc3 16. Qa6 Bxd4 17. Bh6 Qxe2 18. Qa5 Rfe8 19. Rae1 Bxf2+ 20. Rxf2 Qxe1+ 21. Bf1 Ne2+ 22. Rxe2 Qxa5 0-1

[Event "Milan Carnevale op-B 5th"]
[Site "Milan"]
[Date "2014.03.08"]
[Round "4"]
[White "Vittadini, Attilio"]
[Black "Aloe, Giancarlo"]
[Result "0-1"]
[WhiteElo "1838"]
[BlackElo "1672"]
[PlyCount "70"]
[EventDate "2014.03.05"]
[EventType "swiss"]
[EventRounds "6"]
[EventCountry "ITA"]
[SourceTitle "EXT 2015"]
[Source "ChessBase"]
[SourceDate "2014.11.20"]
[SourceVersion "1"]
[SourceVersionDate "2014.11.20"]
[SourceQuality "1"]

1. e4 c5 2. Nf3 e6 3. d4 cxd4 4. Nxd4 Nf6 5. Bd3 Bc5 6. Nb3 Bb6 7. Bg5 Nc6 8. N1d2 d5 9. Qe2 h6 10. Bh4 g5 11. Bg3 Nb4 12. Be5 Nxd3+ 13. cxd3 Rh7 14. Bxf6 Qxf6 15. exd5 Qxb2 16. 0-0 Bd7 17. dxe6 fxe6 18. Qh5+ Kf8 19. Qf3+ Rf7 20. Qxb7 Rd8 21. d4 Bb5 22. Qe4 Bxf1 23. Rxf1 Qxa2 24. Qxe6 Kg7 25. Nf3 Rdf8 26. Ne5 Rf6 27. Qe7+ Kg8 28. Nc5 Bxc5 29. dxc5 Re6 30. Qc7 Qd5 31. Nd7 Rf7 32. Qb8+ Kg7 33. Qb2+ Kh7 34. Qc2+ Kg8 35. Qa4 Rxd7 0-1

[Event "Milan SSM op"]
[Site "Milan"]
[Date "2014.01.21"]
[Round "3"]
[White "Ciciotti, Augusto Walter"]
[Black "Aloe, Giancarlo"]
[Result "1/2-1/2"]
[WhiteElo "1903"]
[BlackElo "1719"]
[PlyCount "77"]
[EventDate "2014.01.14"]
[EventType "swiss"]
[EventRounds "8"]
[EventCountry "ITA"]
[SourceTitle "EXT 2015"]
[Source "ChessBase"]
[SourceDate "2014.11.20"]
[SourceVersion "1"]
[SourceVersionDate "2014.11.20"]
[SourceQuality "1"]

1. d4 d5 2. c4 c6 3. Nf3 Nf6 4. Qc2 g6 5. Bf4 Bf5 6. Qb3 Qb6 7. Nc3 Bg7 8. e3 Qxb3 9. axb3 Na6 10. h3 Nb4 11. Kd2 Ne4+ 12. Nxe4 Bxe4 13. Ng5 Bf5 14. Ra4 a5 15. g4 Bd7 16. c5 0-0 17. Be2 Rfe8 18. Nf3 f6 19. Bc7 e5 20. Bxa5 Na6 21. Bb6 exd4 22. Nxd4 f5 23. Rha1 Bxd4 24. Rxd4 Re4 25. Rxe4 dxe4 26. Bc4+ Kf8 27. g5 Ke7 28. Ra4 Be6 29. Bxe6 Kxe6 30. Kc3 Re8 31. Rd4 Re7 32. Rd6+ Kf7 33. Kc4 Nb8 34. Kd4 Rd7 35. Rxd7+ Nxd7 36. Bc7 Ke6 37. Bd6 b6 38. b4 b5 39. b3 1/2-1/2

[Event "Milan Befana op-B"]
[Site "Milan"]
[Date "2014.01.06"]
[Round "7"]
[White "Neri, Angelo"]
[Black "Aloe, Giancarlo"]
[Result "1-0"]
[WhiteElo "1894"]
[BlackElo "1719"]
[PlyCount "120"]
[EventDate "2014.01.02"]
[EventType "swiss"]
[EventRounds "7"]
[EventCountry "ITA"]
[SourceTitle "EXT 2015"]
[Source "ChessBase"]
[SourceDate "2014.11.20"]
[SourceVersion "1"]
[SourceVersionDate "2014.11.20"]
[SourceQuality "1"]

1. e4 c5 2. Nf3 e6 3. d4 cxd4 4. Nxd4 Nf6 5. Nc3 a6 6. f3 Nc6 7. Nxc6 bxc6 8. Be3 Qc7 9. Be2 d5 10. 0-0 Bd6 11. h3 0-0 12. Bf2 Nh5 13. Bd3 Bb7 14. Re1 f5 15. exf5 exf5 16. Qd2 Bf4 17. Qe2 Rae8 18. Qxe8 Rxe8 19. Rxe8+ Kf7 20. Rae1 Bd6 21. Bxf5 g6 22. Bg4 Nf6 23. R8e2 c5 24. b3 Qa5 25. Na4 d4 26. Be6+ Kg7 27. Bc4 Bd5 28. Nb2 Qa3 29. Bxd5 Qxb2 30. Bc4 Qxa2 31. c3 Qa5 32. cxd4 Nh5 33. Re6 Bg3 34. Bxg3 Nxg3 35. Re7+ Kh6 36. Bg8 Nf5 37. Rxh7+ Kg5 38. h4+ Nxh4 39. Rhe7 Nf5 40. R7e5 Qd8 41. Bc4 cxd4 42. g4 d3 43. gxf5 Qd4+ 44. Kg2 d2 45. f6+ Kxf6 46. Re6+ Kf5 47. Rd1 a5 48. Re2 a4 49. Rexd2 Qc3 50. Rd5+ Kf6 51. Rd6+ Ke5 52. Re6+ Kf4 53. Re4+ Kg5 54. Rd5+ Kf6 55. Rf4+ Kg7 56. Rd7+ Kh6 57. Rh4+ Kg5 58. Rg4+ Kf6 59. Rf7+ Ke5 60. Re4+ Kd6 1-0

[Event "Milan Province-ch"]
[Site "Milan"]
[Date "2013.01.26"]
[Round "4"]
[White "Romagnoli, Thomas"]
[Black "Aloe, Giancarlo"]
[Result "1-0"]
[WhiteElo "1700"]
[BlackElo "1679"]
[PlyCount "65"]
[EventDate "2013.01.24"]
[EventType "swiss"]
[EventRounds "6"]
[EventCountry "ITA"]
[SourceTitle "EXT 2014"]
[Source "ChessBase"]
[SourceDate "2013.11.20"]
[SourceVersion "1"]
[SourceVersionDate "2013.11.20"]
[SourceQuality "1"]

1. e4 c5 2. Nf3 d6 3. d4 cxd4 4. Nxd4 Nf6 5. Nc3 a6 6. Bc4 e6 7. Be3 Be7 8. 0-0 Qc7 9. Bb3 0-0 10. Qd2 Nc6 11. f4 b5 12. a3 Bb7 13. Rae1 Na5 14. Bf2 Nc4 15. Bxc4 Qxc4 16. Bg3 Rad8 17. Qd3 Qc5 18. Kh1 e5 19. Nb3 Qc7 20. Qe3 Nh5 21. f5 Nf6 22. Bh4 Ng4 23. Qg3 Bxh4 24. Qxh4 Nf6 25. Rf3 d5 26. exd5 Bxd5 27. Rg3 Kh8 28. Rxg7 Kxg7 29. Qg5+ Kh8 30. Qxf6+ Kg8 31. Re3 Bxg2+ 32. Kxg2 e4 33. Rg3+ 1-0

[Event "Milan Crespi op-C 33rd"]
[Site "Milan"]
[Date "2012.12.07"]
[Round "3"]
[White "Aloe, Giancarlo"]
[Black "Grudina, Marco"]
[Result "0-1"]
[WhiteElo "1666"]
[BlackElo "1796"]
[PlyCount "148"]
[EventDate "2012.12.05"]
[EventType "swiss"]
[EventRounds "7"]
[EventCountry "ITA"]
[SourceTitle "EXT 2024"]
[Source "ChessBase"]
[SourceDate "2023.10.10"]
[SourceVersion "1"]
[SourceVersionDate "2023.10.10"]
[SourceQuality "1"]

1. d4 d5 2. Nf3 Nf6 3. c4 c6 4. g3 Bg4 5. Bg2 e6 6. 0-0 Be7 7. b3 Nbd7 8. Bb2 0-0 9. Nbd2 h6 10. Ne5 Bf5 11. Ndf3 Rc8 12. e3 Be4 13. Qe2 Bxf3 14. Bxf3 Bd6 15. Rfd1 Qc7 16. Nd3 b6 17. Rac1 Qb8 18. Bg2 Rfe8 19. cxd5 cxd5 20. f4 Rxc1 21. Rxc1 Rc8 22. Ne5 Rxc1+ 23. Bxc1 Qc8 24. Bb2 Nb8 25. e4 dxe4 26. Bxe4 Nxe4 27. Qxe4 Nd7 28. Nc6 Qa6 29. a4 Nf6 30. Qf3 Nd5 31. f5 Qb7 32. Ne5 Bxe5 33. dxe5 exf5 34. Qxf5 Ne3 35. Qf2 Nd1 36. Qd4 Nxb2 37. Qxb2 Qd5 38. Qc3 Kf8 39. Kf2 Ke7 40. Ke3 Ke6 41. Qc8+ Kxe5 42. Qc7+ Kf6 43. Qf4+ Kg6 44. Qe4+ Qxe4+ 45. Kxe4 f5+ 46. Kd5 Kg5 47. Kc6 Kg4 48. Kb7 Kh3 49. Kxa7 Kxh2 50. Kxb6 Kxg3 51. a5 f4 52. a6 f3 53. a7 f2 54. a8Q f1Q 55. Qb8+ Qf4 56. Qc7 g5 57. b4 Kf3 58. b5 g4 59. Qc6+ Ke2 60. Qg2+ Qf2+ 61. Qxf2+ Kxf2 62. Kc6 g3 63. b6 g2 64. b7 g1Q 65. b8Q Qc1+ 66. Kd5 Qd2+ 67. Ke4 Qe3+ 68. Kf5 Qg5+ 69. Ke4 Qg4+ 70. Kd3 Qf3+ 71. Kc4 h5 72. Qb2+ Qe2+ 73. Qxe2+ Kxe2 74. Kd4 h4 0-1